| 000 | 00928nam a22002297a 4500 | ||
|---|---|---|---|
| 005 | 20180611151835.0 | ||
| 010 | _aB-688710-711 | ||
| 020 |
_a9780199459674 _c495.00 |
||
| 035 | _aB-664923 | ||
| 035 | _aB-688710-711 | ||
| 037 |
_bbookwell _adpl |
||
| 082 | _a811.54 | ||
| 100 | _aChudamani, R. | ||
| 245 |
_aSeeing in the dark / _cby R. Chudamani; edited by Mini Krishnan |
||
| 260 |
_aNew Delhi _bOxford _c2015 |
||
| 270 |
_aYMCA Library Building, 1 Jai Singh Road, _bNew Delhi _e110001 |
||
| 300 | v |
_axxxii,239p. _c22cm(pbk) |
|
| 700 | _aKrishnan, Mini | ||
| 942 |
_2ddc _cEN _mCHU _h811.54 |
||
| 999 |
_c145660 _d145660 |
||